000 00395nam a2200157Ia 4500
008 210716s2010 xx 000 0 und d
020 _a9780749456276
041 _aeng
082 _a651.73 BARA
100 _aBarker, Alan.
245 _aImprove your communication skills.
250 _a2
260 _aNew Delhi
_bKogan Page
_c2010
300 _aviii,200
650 _aBusiness Communication
999 _c207556
_d207556